| 000 | 00542nam a2200169 i 4500 | ||
|---|---|---|---|
| 001 | 59573 | ||
| 003 | ES-MaACL | ||
| 005 | 20250827063209.0 | ||
| 007 | t| | ||
| 008 | 031029s1946 sp ||||1| spa d | ||
| 100 | 1 |
_aElorrieta y Artaza, Tomás, _d1883-1949 _947088 |
|
| 245 | 1 | 0 |
_aTemas económico-sociales de la actualidad / _cTomás Elorrieta y Artaza. |
| 260 |
_aMadrid : _bMinisterio de Trabajo, _c1946 ( _fAfrodisio Aguado) |
||
| 300 |
_a166 p. ; _c22 cm. |
||
| 852 |
_aES-MaACL _j1859-F-15 _bR.22895 |
||
| 999 |
_c59573 _d59573 |
||